000 00294nam a22001337a 4500
008 170428b xxu||||| |||| 00| 0 eng d
020 _a9780812238617
041 _aeng
080 _a343.9
100 _a13
101 _aSHM
245 _aHARRY MULISCH CRIMINAL
_cHARRY.M
942 _2udc
_cBK
999 _c12315
_d12315